History Quiz

Random History Quiz

Social Reform Leaders in 1824-1840 Quiz Stats

 Plays Quiz not verified by Sporcle

Score 0/11 Timer 05:00
0 Plays Today
Reform Type Leader % Correct
Women's RightsElizabeth Cady Stanton
61.5%
Anti-SlaveryFederick Douglass
53.8%
Women's RightsLucretia Mott
53.8%
Anit-SlaveryHarriet Tubman
46.2%
Anti- Slavery and Women's RightSojourner Truth
46.2%
Dorthea Dix
38.5%
Anti-SlaveryWilliam Lloyd Garrison
38.5%
Women's RightsSusan Anthony
38.5%
Women's Education and Anit-SlaveryGrimke Sisters
23.1%
EducationCatherine Beecher
7.7%
Right of FemalesLydia Finney
0%

You're not logged in!

Compare scores with friends on all Sporcle quizzes.
OR
Log In

Show Comments

Extras

Created Oct 27, 2010ReportNominate
Tags:description, reform, social

Top Quizzes Today


Score Distribution

Your Account Isn't Verified!

In order to create a playlist on Sporcle, you need to verify the email address you used during registration. Go to your Sporcle Settings to finish the process.

Report this User

Report this user for behavior that violates our Community Guidelines.

Details: